| 000 | 00617nam a22002177a 4500 | ||
|---|---|---|---|
| 003 | KOHA_MİRAKIL | ||
| 005 | 20260325125856.0 | ||
| 008 | 260325b tu ||||| |||| 00| 0 tur d | ||
| 020 | _a9786050904680 | ||
| 040 |
_aTR-AnABB _btur _cTR-AnABB |
||
| 041 | _atur | ||
| 082 |
_a818.4209 _bTOP 2011 |
||
| 100 | 1 | _aTopuz, Ali | |
| 245 | 1 | 0 |
_aDüzeni değiştirmek 1972-1980 / _cAli Topuz |
| 246 | _aAli Topuz Anlatıyor - 2 | ||
| 260 |
_aİstanbul : _bDoğan Kitap , _c2011 |
||
| 300 |
_a572 sayfa ; _c24 cm |
||
| 500 | _aDizin vardır. | ||
| 650 | 0 | 4 | _aTürk edebiyatı; söyleşi |
| 942 |
_2ddc _cBK |
||
| 999 |
_c10039 _d10039 |
||
| 900 | _bCan ÇELIK | ||